000 00514nam a22002057a 4500
003 OSt
005 20260209163754.0
008 260209b |||||||| |||| 00| 0 eng d
020 _a978-93-94183-87-2
040 _cMRSPTU
041 _aPunjabi
082 _a891.423
_bDH-C
100 _aDhugga, Gurpreet Singh
245 _aChaali Din (ਚਾਲ਼ੀ ਦਿਨ)
250 _a16th Ed.
260 _aPatiala,
_bAutumn Art,
_c2025
300 _a176 p.
650 _aLiterature (Punjabi)
942 _2ddc
_cBK
_n0
999 _c10874
_d10874